Publicidad, expectativas, orden público y principio de congruencia en procesos entre partes desiguales (Registro nro. 34015)
[ vista simple ]
| 000 -LEADER | |
|---|---|
| fixed length control field | 00400 a2200109 4500 |
| 001 - CONTROL NUMBER | |
| control field | ART_63441 |
| 005 - DATE AND TIME OF LATEST TRANSACTION | |
| control field | 20260410162031.0 |
| 008 - FIXED-LENGTH DATA ELEMENTS--GENERAL INFORMATION | |
| fixed length control field | 260409a |
| 100 1# - MAIN ENTRY--PERSONAL NAME | |
| Personal name | Rossi, Jorge O. |
| 245 10 - TITLE STATEMENT | |
| Title | Publicidad, expectativas, orden público y principio de congruencia en procesos entre partes desiguales |
| 773 0# - HOST ITEM ENTRY | |
| Title | Temas de derecho procesal |
| Related parts | - Año 9, N° 9/10 (sep./oct. 2025) |
| Record control number | REV44095 |
No hay ítems disponibles.